LEADER 02528nam 22003975 450 001 9910484906303321 005 20200709031356.0 010 $a3-658-09677-2 024 7 $a10.1007/978-3-658-09677-9 035 $a(CKB)3710000000926165 035 $a(DE-He213)978-3-658-09677-9 035 $a(PPN)196321867 035 $a(EXLCZ)993710000000926165 100 $a20161021d2017 u| 0 101 0 $ager 135 $aurnn|008mamaa 181 $ctxt$2rdacontent 182 $cc$2rdamedia 183 $acr$2rdacarrier 200 10$aMarketingübungen $eBasiswissen, Aufgaben, Lösungen. Selbstständiges Lerntraining für Studium und Beruf /$fvon Manfred Bruhn 205 $a5th ed. 2017. 210 1$aWiesbaden :$cSpringer Fachmedien Wiesbaden :$cImprint: Springer Gabler,$d2017. 215 $a1 online resource (XII, 261 S. 67 Abb.) 311 $a3-658-09676-4 327 $aGrundbegriffe und Konzepte des Marketing -- Marketingplanung -- Marketingstrategie -- Marketingforschung -- Produkt- und Preispolitik -- Kommunikations- und Vertriebspolitik -- Marketingorganisation und -controlling. 330 $aManfred Bruhn greift repräsentative und konkrete Fragestellungen der Marketingpraxis auf und verdeutlicht den Anwendungsbezug zum Inhalt seines Lehrbuches ?Marketing?. Nach einer kurzen Darstellung des Basiswissens wird jede Aufgabe mit einer ausführlichen Musterlösung beantwortet, so dass das eigene Wissen überprüfbar ist und leicht ergänzt werden kann. In der 5. Auflage wurden alle Kapitel überarbeitet und an die Änderungen im Lehrbuch ?Marketing? angepasst. Der Inhalt Aufgaben und Lösungen zu den Teilbereichen ? Marketingplanung, ? Strategisches Marketing, ? Marketingforschung, ? Produkt- und Preispolitik, ? Kommunikations- und Vertriebspolitik sowie ? Marketingorganisation und -controlling. Der Autor Prof. Dr. Dr. h.c. mult. Manfred Bruhn ist Ordinarius für Betriebswirtschaftslehre, insbesondere Marketing und Unternehmensführung, an der Wirtschaftswissenschaftlichen Fakultät der Universität Basel und Honorarprofessor an der Technischen Universität München. 606 $aMarketing 606 $aMarketing$3https://scigraph.springernature.com/ontologies/product-market-codes/513000 615 0$aMarketing. 615 14$aMarketing. 676 $a658.8 700 $aBruhn$b Manfred$4aut$4http://id.loc.gov/vocabulary/relators/aut$01224932 906 $aBOOK 912 $a9910484906303321 996 $aMarketingübungen$92845889 997 $aUNINA